La Dama de Reus / Ambrosi Carrión ; edició a cura de Carles Batlle i Jordà
Descripción Física:
222 p. ; 18 cm
Colección:
Biblioteca teatral ; 66
Otros Autores:
Batlle, Carles, 1963-
MARC
| LEADER | 00000nam a2200000Ia 4500 | ||
|---|---|---|---|
| 001 | 8522 | ||
| 008 | 160829s1989 xx 000 0 cat d | ||
| 080 | |a L-1-251 | ||
| 100 | |a Carrion, Ambrosi, |d 1888-1973 |9 27024 | ||
| 245 | |a La Dama de Reus / Ambrosi Carrión ; edició a cura de Carles Batlle i Jordà | ||
| 260 | |a Barcelona : |b Institut del Teatre de la Diputació de Barcelona, |c 1989 | ||
| 300 | |a 222 p. ; |c 18 cm | ||
| 490 | |a Biblioteca teatral ; 66 | ||
| 700 | |a Batlle, Carles, |d 1963- |e editor literari |9 53570 | ||
| 710 | 1 | |a Institut del Teatre (Barcelona, Catalunya) |9 52662 | |
| 901 | |a Arxiu | ||
| 942 | |n 1 |2 udc | ||
| 952 | |0 0 |1 0 |4 0 |6 L1251 |7 1 |9 44245 |a Arxiu |b Arxiu |d 2016-12-01 |l 0 |o L-1-251 |p 8522 |r 2016-12-01 00:00:00 |w 2016-12-01 |y ARXIU | ||
| 999 | |c 46825 |d 46825 | ||